| 000 | 01311nam0a22002891 4500 | ||
|---|---|---|---|
| 001 | rc\4430203 | ||
| 005 | 20130416155407.4 | ||
| 021 |
_aRU _b[68-83482] |
||
| 035 | _a(NLR Aleph) 008575149 | ||
| 090 |
_a8550088 _c8550088 |
||
| 100 | _a20130416d1968 |||y0rusy50 ca | ||
| 101 | 0 | _arus | |
| 102 | _aRU | ||
| 105 | _ay z ||||| | ||
| 200 | 1 |
_aМетодика полевых ландшафтных исследований _fОтв. ред. чл.-кор. АН СССР С.В. Калесник _gЛенингр. ордена Ленина гос. ун-т им. А.А. Жданова. Отд. заоч. обучения. Геогр. фак. |
|
| 205 | _a[Перераб. и доп. изд.] | ||
| 210 |
_aЛенинград _cИзд-во Ленингр. ун-та _d1968 |
||
| 215 |
_a28 с. _d21 |
||
| 300 | _aИзд. также под загл.: Методика полевых физико-географических исследований | ||
| 606 |
_aЛандшафтоведение _jПрактические работы учащихся, полевые _2psbo |
||
| 700 | 1 |
_aИванов _bВ. Б. _gВячеслав Борисович |
|
| 702 | 1 |
_aКалесник _bС. В. _4340 |
|
| 801 | 0 |
_aRU _bNLR _gpsbo |
|
| 801 | 1 |
_aRU _bELAR _2rusmarc |
|
| 852 |
_aNLR _j68-6/12053 |
||
| 942 | _cBOOK | ||
| 980 | _aNB | ||